Construction project management: planning, scheduling and controlling. (3rd edition) (Record no. 79786)

MARC details
000 -LEADER
fixed length control field 01483nam a2200265 a 4500
008 - FIXED-LENGTH DATA ELEMENTS--GENERAL INFORMATION
fixed length control field 190806s2014 ||||||||||||||||| || u
020 ## - INTERNATIONAL STANDARD BOOK NUMBER
International Standard Book Number 9789339205447
050 ## - LIBRARY OF CONGRESS CALL NUMBER
Classification number HD 69. P75 Chi
100 ## - MAIN ENTRY--PERSONAL NAME
Personal name Chitkara, K.K
245 11 - TITLE STATEMENT
Title Construction project management: planning, scheduling and controlling. (3rd edition)
Statement of responsibility, etc. By K.K. Chitkara
250 ## - EDITION STATEMENT
Edition statement 3rd edition
260 ## - PUBLICATION, DISTRIBUTION, ETC.
Place of publication, distribution, etc. Chennai
Name of publisher, distributor, etc. McGraw-Hill Education
Date of publication, distribution, etc. 2014
300 ## - PHYSICAL DESCRIPTION
Extent xx, 826 pages :illustrations
350 ## -
-- 33.93
650 #0 - SUBJECT ADDED ENTRY--TOPICAL TERM
Topical term or geographic name entry element PROJECT MANAGEMENT
650 ## - SUBJECT ADDED ENTRY--TOPICAL TERM
Topical term or geographic name entry element PRODUCTION SCHEDULING
650 #0 - SUBJECT ADDED ENTRY--TOPICAL TERM
Topical term or geographic name entry element CONSTRUCTION INDUSTRY--MANAGEMENT
650 ## - SUBJECT ADDED ENTRY--TOPICAL TERM
Topical term or geographic name entry element PLANNING
650 ## - SUBJECT ADDED ENTRY--TOPICAL TERM
Topical term or geographic name entry element CRITICAL PATH ANALYSIS
995 ## -
-- MAIN LIBRARY OPEN ACCESS
-- 45.00
-- 749498
-- CBU-MAIN LIBRARY (Kitwe)
-- HD 69. P75 Chi
-- 1
-- AVAILABLE
-- Aug 7, 2019
-- 749498
-- Main Library Open Access Collection
995 ## -
-- MAIN LIBRARY OPEN ACCESS
-- 45.00
-- 749492
-- CBU-MAIN LIBRARY (Kitwe)
-- HD 69. P75 Chi
-- 3
-- AVAILABLE
-- Aug 7, 2019
-- 749492
-- Main Library Open Access Collection
995 ## -
-- MAIN LIBRARY OPEN ACCESS
-- 45.00
-- 749497
-- CBU-MAIN LIBRARY (Kitwe)
-- HD 69. P75 Chi
-- 2
-- AVAILABLE
-- Aug 7, 2019
-- 749497
-- Main Library Open Access Collection
995 ## -
-- MAIN LIBRARY OPEN ACCESS
-- 45.00
-- 749493
-- CBU-MAIN LIBRARY (Kitwe)
-- HD 69. P75 Chi
-- 4
-- AVAILABLE
-- Aug 7, 2019
-- 749493
-- Main Library Open Access Collection
995 ## -
-- SHORT LOAN BOOKS
-- 750088
-- CBU-MAIN LIBRARY (Kitwe)
-- 33.93
-- HD 69. P75 Chi
-- 5
-- AVAILABLE
-- Nov 25, 2019
-- 750088
-- Short Loan Collection
999 ## -
-- 79786
-- 79786
Holdings
Withdrawn status Lost status Source of classification or shelving scheme Damaged status Not for loan Permanent Location Current Location Shelving location Date acquired Total Checkouts Full call number Barcode Date last seen Copy number Price effective from Koha item type
          CBU-MAIN LIBRARY, KITWE. CBU-MAIN LIBRARY, KITWE.   06/29/2023   HD 69. P75 Chi 749498 06/29/2023 1 06/29/2023 MONOGRAPH
          CBU-MAIN LIBRARY, KITWE. CBU-MAIN LIBRARY, KITWE.   06/29/2023   HD 69. P75 Chi 749492 06/29/2023 2 06/29/2023 MONOGRAPH
          CBU-MAIN LIBRARY, KITWE. CBU-MAIN LIBRARY, KITWE.   06/29/2023   HD 69. P75 Chi 749497 06/29/2023 3 06/29/2023 MONOGRAPH
          CBU-MAIN LIBRARY, KITWE. CBU-MAIN LIBRARY, KITWE.   06/29/2023   HD 69. P75 Chi 749493 06/29/2023 4 06/29/2023 MONOGRAPH
          CBU-MAIN LIBRARY, KITWE. CBU-MAIN LIBRARY, KITWE.   06/29/2023   HD 69. P75 Chi 750088 06/29/2023 5 06/29/2023 SHORT LOAN COLLECTION